00479 2200181 4500001002100000005001500021008004100036020001800077035001900095041000700114082001000121090001600131100001800147245004500165260003100210300004000241650001600281INLIS00000000000794320241224113546241224||||||||| | ||| |||| || |  a979-683-073-6 0010-1224007943 aid0 a338.7 a338.7 KOT p0 aPhilip Kotler00aPemasaran, Perhotelan dan Kepariwisataan aJakartabPrehallindoc2002 a27,5x20,5 cm, xiv, 402 hlm.; ilus.: 0aIlmu Sosial